L'interprétation des films (notice n° 1567435)

détails MARC
000 -LEADER
fixed length control field 01510cam a2200133 4500500
005 - DATE AND TIME OF LATEST TRANSACTION
control field 20251214002800.0
041 ## - LANGUAGE CODE
Language code of text/sound track or separate title fre
042 ## - AUTHENTICATION CODE
Authentication code dc
100 10 - MAIN ENTRY--PERSONAL NAME
Personal name Aumont, Jacques
Relator term author
245 00 - TITLE STATEMENT
Title L'interprétation des films
260 ## - PUBLICATION, DISTRIBUTION, ETC.
Name of publisher, distributor, etc. Armand Colin,<br/>
Date of publication, distribution, etc. 2017.<br/>
520 ## - SUMMARY, ETC.
Summary, etc. Interpréter un film est la manière la plus naturelle et la plus personnelle d’y réagir. Mais l’interprétation est souvent critiquée pour sa subjectivité, qui la rend invérifiable. Le propos de ce livre est de montrer que cette activité inventive peut aussi être pratiquée avec profit, autant que l’analyse ou la critique. Il a existé plusieurs tentatives pour donner forme théorique rigoureuse aux procédures d’interprétation, toujours à propos d’œuvres écrites. Ce livre expose les principales de ces traditions, de l’exégèse et de l’herméneutique jusqu’à la déconstruction, et montre comment elles ont été, souvent sans le savoir, utilisées pour l’interprétation des films. On verra également qu’elles répondent à de nombreux problèmes de théorie du film, auxquels elles permettent d’apporter des réponses fécondes. Il s’agit en fin de compte de réhabiliter une attitude mal considérée et cependant essentielle, en montrant qu’elle n’est pas condamnée à l’erreur ni à l’arbitraire, mais qu’elle est la source même de toute compréhension.
856 41 - ELECTRONIC LOCATION AND ACCESS
Uniform Resource Identifier <a href="https://shs.cairn.info/l-interpretation-des-films--9782200617127?lang=fr&redirect-ssocas=7080">https://shs.cairn.info/l-interpretation-des-films--9782200617127?lang=fr&redirect-ssocas=7080</a>

Pas d'exemplaire disponible.

PLUDOC

PLUDOC est la plateforme unique et centralisée de gestion des bibliothèques physiques et numériques de Guinée administré par le CEDUST. Elle est la plus grande base de données de ressources documentaires pour les Étudiants, Enseignants chercheurs et Chercheurs de Guinée.

Adresse

627 919 101/664 919 101

25 boulevard du commerce
Kaloum, Conakry, Guinée

Réseaux sociaux

Powered by Netsen Group @ 2025